名鉄/迷鉄名古屋駅で見られるカオス要素 - Statistics

General Stats
  • This quiz has been taken 30 times
  • The average score is 15 of 31
Answer Stats
Hint Answer % Correct
国府停車
79%
伊奈停車
75%
美合停車
71%
新安城停車
71%
大里停車
67%
豊明停車
67%
特別停車 二ツ杁停車
63%
須ヶ口停車
63%
有松停車
63%
鳴海停車
63%
大江停車
58%
矢作橋停車
54%
下小田井停車
54%
中小田井停車
50%
新安城から普通
50%
山王停車
46%
東岡崎から急行
46%
鳴海から急行
46%
新安城から準急
42%
鳴海から普通
42%
北安城停車
38%
大同町停車
38%
種別変更 須ヶ口から普通
38%
東岡崎から準急
38%
柴田停車
33%
西ノ口停車
33%
知立から普通
33%
太田川から急行
29%
南加木屋・巽ヶ丘停車
13%
南加木屋・巽ヶ丘・住吉町停車
8%
鳴海・伊奈停車
4%
No matching quizzes found
Score Distribution
Percent of People with Each Score
Percentile by Number Answered
Your Score History
You have not taken this quiz